مكتبة جامعة عجلون الوطنية

فهرس بحث المكتبة

Normal view MARC view
  • حديث شريف -- اسناد --الفقه الإسلامي

Entry Topical Term

Number of records used in: 1

001 - CONTROL NUMBER

  • control field: 43468

003 - CONTROL NUMBER IDENTIFIER

  • control field: JO-AjAnu

005 - DATE AND TIME OF LATEST TRANSACTION

  • control field: 20230606081214.0

008 - FIXED-LENGTH DATA ELEMENTS

  • fixed length control field: 230606|| aca||aabn | a|a d

040 ## - CATALOGING SOURCE

  • Original cataloging agency: JO-AjAnu
  • Transcribing agency: JO-AjAnu

150 ## - HEADING--TOPICAL TERM

  • Topical term or geographic name entry element: حديث شريف -- اسناد --الفقه الإسلامي

670 ## - SOURCE DATA FOUND

  • Source citation: Work cat.: (JO-AjAnu)22257: حافظ عراقي، زين الدين أبو الفضل عبد الرحيم، ابن عراقي ، ولي الدين أبو زرعة أحمد بن عبد الرحي, author 43467, كتاب طرح التثريب في شرح التقريب : و هو شرح المتن المسمى بتقريب الاسانيد و ترتيب المسانيد